Loading...
| Current Events | 1 | 20.00 | 100% | 100% | 0% |
| Fine Arts - Classical Music | 6 | 13.33 | 100% | 33% | 0% |
| Fine Arts - Other Fine Arts | 5 | 14.00 | 80% | 60% | 0% |
| Fine Arts - Painting and Sculpture | 6 | 18.33 | 100% | 67% | 17% |
| Geography | 1 | 20.00 | 100% | 100% | 0% |
| History - American History | 4 | 22.50 | 100% | 100% | 25% |
| History - European History | 7 | 20.00 | 100% | 57% | 43% |
| History - Other History | 5 | 18.00 | 80% | 80% | 20% |
| History - World History | 9 | 21.11 | 100% | 89% | 22% |
| Literature - American Literature | 3 | 16.67 | 100% | 67% | 0% |
| Literature - British Literature | 5 | 10.00 | 100% | 0% | 0% |
| Literature - European Literature | 5 | 14.00 | 80% | 60% | 0% |
| Literature - World Literature | 4 | 12.50 | 100% | 25% | 0% |
| Mythology | 6 | 18.33 | 100% | 83% | 0% |
| Other Academic | 2 | 10.00 | 100% | 0% | 0% |
| Philosophy | 4 | 15.00 | 100% | 50% | 0% |
| Pop Culture | 1 | 10.00 | 100% | 0% | 0% |
| Religion | 5 | 16.00 | 80% | 60% | 20% |
| Science - Biology | 6 | 26.67 | 100% | 100% | 67% |
| Science - Chemistry | 6 | 15.00 | 100% | 33% | 17% |
| Science - Other Science | 2 | 10.00 | 50% | 50% | 0% |
| Science - Physics | 4 | 15.00 | 100% | 25% | 25% |
| Social Science | 3 | 13.33 | 100% | 33% | 0% |